书目信息 |
| 题名: |
全国高考地理题解
|
|
| 作者: | ;北京师范学院地理系编写组 编 | |
| 分册: | ||
| 出版信息: | 北京 科学普及出版社 1982 |
|
| 页数: | 163页 | |
| 开本: | 19cm | |
| 丛书名: | ||
| 单 册: | ||
| 中图分类: | G634.55 , G633.55 | |
| 科图分类: | ||
| 主题词: | 教育--各级 , 地理--解题--高中--升学参考资料 | |
| 电子资源: | ||
| ISBN: | ||
| 000 | 00783nam0 2200253 45 | |
| 001 | 0182001502 | |
| 005 | 20060819175627.42 | |
| 010 | @dCNY0.49 | |
| 091 | @a12051.1006 | |
| 100 | @a19950629d1982 em y0chiy0121 ea | |
| 101 | 0 | @achi |
| 102 | @aCN@b110000 | |
| 105 | @ay q 000yy | |
| 200 | 10 | @a全国高考地理题解@Aquan guo gao kao di li ti jie@e1950-1981@f北京师范学院地理系编写组编 |
| 210 | @a北京@c科学普及出版社@d1982 | |
| 215 | @a163页@d19cm | |
| 606 | 0 | @a教育@x各级 |
| 606 | @a地理@x解题@x高中@x升学参考资料 | |
| 690 | @aG634.55@v3 | |
| 690 | @aG633.55 | |
| 711 | 02 | @a北京师范学院地理系编写组@Abei jing shi fan xue yuan de li xi bian xie zu@4编 |
| 801 | 2 | @aCN@bNLC@c20060819 |
| 801 | 0 | @aCN@b上海图书馆@c20040508 |
| 905 | @f3@b72698-700@f2@b92202-203@dG633.55@e12 | |
| 全国高考地理题解:1950-1981/北京师范学院地理系编写组编.-北京:科学普及出版社,1982 |
| 163页;19cm |
| ISBN :CNY0.49 |
| ● |
| 相关链接 |
|
|
|
|
正题名:全国高考地理题解
索取号:G633.55/12
 
预约/预借
| 序号 | 登录号 | 条形码 | 馆藏地/架位号 | 状态 | 备注 |
| 1 | 0072698 | 000254904 | 密集书库/ [索取号:G633.55/12] | 在馆 | |
| 2 | 0072699 | 000251453 | 密集书库/ [索取号:G633.55/12] | 在馆 | |
| 3 | 0072700 | 000254913 | 密集书库/ [索取号:G633.55/12] | 在馆 | |
| 4 | 0072702 | 000254968 | 第一样本阅览室/ [索取号:G633.55/12] | 在馆 | |
| 5 | 0092202 | 000254897 | 密集书库/ [索取号:G633.55/12] | 在馆 | |
| 6 | 0092203 | 000251523 | 密集书库/ [索取号:G633.55/12] | 在馆 | |
| 7 | 0471223 | 204712230 | 密集书库/ [索取号:G633.55/12] | 在馆 |